Statistics for Animal Species #5

Click here to take the quiz!

General Stats

  • This quiz has been taken 35 times
  • The average score is 12 of 21

Answer Stats

Answer% Correct
{Sea} Otter
89%
Timber {Rattlesnake}
89%
European {Mantis}
85%
Malayan {Tapir}
85%
{Meerkat}
85%
{Snowy} Owl
85%
Giant Oceanic {Manta} {Ray}
74%
Blue {Wildebeest}
70%
Common {Pheasant}
70%
{Sun} Bear
70%
{Dromedary}
59%
Eastern {Newt}
59%
{Bull} Shark
52%
{Red}-{Eyed} Treefrog
44%
{Macaroni} Penguin
33%
Norway {Lemming}
33%
{Shiba} {Inu}
33%
{Egyptian} Vulture
19%
{Fox} Squirrel
7%
{Mimic} Octopus
7%
{Flap}-{Necked} Chameleon
4%

Score Distribution

Percentile by Number Answered

Percent of People with Each Score

Your Score History

You have not taken this quiz